Eastern Utah Libraries Catalog: Duchesne, Heber, Roosevelt, & Vernal

Cursed / (Gilded Book 2) (Record no. 378644)

MARC details
000 -LEADER
fixed length control field 01516pam a2200385 i 4500
001 - CONTROL NUMBER
control field BK0028845996
005 - DATE AND TIME OF LATEST TRANSACTION
control field 20221121104122.0
008 - FIXED-LENGTH DATA ELEMENTS--GENERAL INFORMATION
fixed length control field 221018s2022 nyu d 000 1 eng d
010 ## - LIBRARY OF CONGRESS CONTROL NUMBER
LC control number bl2022034126
020 ## - INTERNATIONAL STANDARD BOOK NUMBER
International Standard Book Number 9781250618917 : HRD
Terms of availability 19.99
020 ## - INTERNATIONAL STANDARD BOOK NUMBER
International Standard Book Number 1250618916 : HRD
Terms of availability 19.99
Qualifying information hc.
037 ## - SOURCE OF ACQUISITION
Source of stock number/acquisition Feiwel & Friends, C/O Mps 16365 James Madison Hwy, Gordonsville, VA, USA, 22960, (646)3075339
Note SAN 631-5011
040 ## - CATALOGING SOURCE
Original cataloging agency NjBwBT
Language of cataloging eng
Transcribing agency NjBwBT
Description conventions rda
Modifying agency GCmBT
-- NjBwBT
050 14 - LIBRARY OF CONGRESS CALL NUMBER
Classification number PZ7.M571737
Item number Cur 2022
082 04 - DEWEY DECIMAL CLASSIFICATION NUMBER
Classification number [Fic]
Edition number 23/eng/20221018
092 ## - LOCALLY ASSIGNED DEWEY CALL NUMBER (OCLC)
Classification number FIC
100 1# - MAIN ENTRY--PERSONAL NAME
Personal name Meyer, Marissa,
Relator term author.
9 (RLIN) 5695058
245 10 - TITLE STATEMENT
Title Cursed / (Gilded Book 2)
Statement of responsibility, etc Marissa Meyer.
250 ## - EDITION STATEMENT
Edition statement First edition.
264 #1 - Production, Publication, Distribution, Manufacture, and Copyright Notice.
Place of production, publication, distribution, manufacture New York :
Name of producer, publisher, distributor, manufacturer Feiwel & Friends,
Date of production, publication, distribution, manufacture, or copyr 2022.
300 ## - PHYSICAL DESCRIPTION
Extent 485 pages ;
Dimensions 25 cm.
336 ## - Content Type
Content type term text
337 ## - Media type
Media type term unmediated
338 ## - Carrier type
Carrier type term volume
440 ## - SERIES STATEMENT/ADDED ENTRY--TITLE
Title Gilded :
Volume number/sequential designation Book 2.
9 (RLIN) 6369987
520 ## - SUMMARY, ETC.
Summary, etc "When the true intentions of the Erlking are revealed, which could forever alter the mortal realm, Serilda and Gild must foil the Erlking's evil agenda by solving the mystery of Gild's forgotten name in order to protect their unborn child"--
650 #1 - SUBJECT ADDED ENTRY--TOPICAL TERM
Topical term or geographic name as entry element Fantasy.
650 #1 - SUBJECT ADDED ENTRY--TOPICAL TERM
Topical term or geographic name as entry element Storytellers
Form subdivision Fiction.
9 (RLIN) 5706820
650 #1 - SUBJECT ADDED ENTRY--TOPICAL TERM
Topical term or geographic name as entry element Honesty
Form subdivision Fiction.
9 (RLIN) 5673644
650 #1 - SUBJECT ADDED ENTRY--TOPICAL TERM
Topical term or geographic name as entry element Deception
Form subdivision Fiction.
9 (RLIN) 5673904
650 #1 - SUBJECT ADDED ENTRY--TOPICAL TERM
Topical term or geographic name as entry element Good and evil
Form subdivision Fiction.
9 (RLIN) 5674230
655 #7 - INDEX TERM--GENRE/FORM
Genre/form data or focus term Novels.
Source of term lcgft
800 1# - SERIES ADDED ENTRY--PERSONAL NAME
Personal name Meyer, Marissa.
Title of a work Gilded (Series)
9 (RLIN) 6457893
942 ## - ADDED ENTRY ELEMENTS (KOHA)
Source of classification or shelving scheme Dewey Decimal Classification
Koha item type BOOK
Holdings
Withdrawn status Lost status Source of classification or shelving scheme Damaged status Not for loan Collection code Home library Current library Shelving location Date acquired Source of acquisition Serial Enumeration / chronology Total Checkouts Total Renewals Full call number Barcode Date last seen Date checked out Cost, replacement price Price effective from Koha item type
    Dewey Decimal Classification     Young Adult Fiction Wasatch County Library Wasatch County Library Main Floor Teen Area 12/15/2022 Micromarketing #2 Gilded 12 11 YA Meyer 34301001851908 10/24/2025 08/23/2025 19.99 12/15/2022 BOOK
This project was made possible through a grant from the Institute of Museum and Library Service administered by the Utah State Library Division.

Wasatch County Library

  • 465 East 1200 South, Heber City, Utah 84032
  • Phone 435-654-1511 | Fax 435-654-6456

Hours

  • Monday - Friday 9:30 AM - 8:00 PM
  • Saturday 9:30 AM - 1:30 PM
  • Closed Sundays and Holidays